000
00253nam a22001217a 4500
003
OSt
008
250106b |||||||| |||| 00| 0 eng d
041
_a
eng
100
_a
Soni, PL
_9
6791
245
_a
Organic Chemistry
260
_b
Pai & Co
942
_c
BK
999
_c
18954
_d
18954